Statistiques concernant Pays où le hockey sur glace est le sport le plus populaire

Cliquez ici pour prendre le quiz!

Statistiques générales

  • Ce quiz a été pris 2 309 fois
  • Le résultat moyen est 3 sur 5

Statistiques - réponses

ContinentPays% Correct
Amérique du NordCanada
100%
EuropeFinlande
86%
EuropeLettonie
45%
EuropeSlovaquie
40%
EuropeAutriche
30%

Distribution des résultats

Percentile par nombre de réponses

% des personnes avec chaque résultat

Votre développement - résultats

Vous n’avez pas pris ce quiz